| 000 | 00875nam a2200229Ia 4500 | ||
|---|---|---|---|
| 999 |
_c34925 _d34925 |
||
| 001 | 753 | ||
| 003 | GE_BSU | ||
| 005 | 20210210133452.0 | ||
| 008 | 181216s2010||||ge |||||||||||||| ||geo|| | ||
| 020 | _a978994050079 | ||
| 040 | _cGE_BSU | ||
| 041 | _ageo | ||
| 080 | _a004.5(075.8) ბ–48 | ||
| 100 |
_aბენაშვილი, ა. _910104 |
||
| 245 |
_aპერსონალური კომპიუტერის არქიტექტურა / _cა.ბენაშვილი. |
||
| 264 |
_aთბილისი : _bსაქართველოს მაცნე, _c2010. |
||
| 300 | _a433 გვ. | ||
| 541 | _h12ლ. | ||
| 653 | _aპერსონალური კომპიუტერის არქიტექტურა | ||
| 653 | _aინფორმაციული ტექნოლოგიები | ||
| 942 |
_cBK _2udc |
||